UBT Library

Experiments in family planning : (Record no. 42286)

000 -LEADER
fixed length control field 00690cam a2200229 i 4500
001 - CONTROL NUMBER
control field 3193575
005 - DATE AND TIME OF LATEST TRANSACTION
control field 20180212032922.0
008 - FIXED-LENGTH DATA ELEMENTS--GENERAL INFORMATION
fixed length control field 771018s1978 mdu b 001 0 eng
010 ## - LIBRARY OF CONGRESS CONTROL NUMBER
LC control number 77016596
020 ## - INTERNATIONAL STANDARD BOOK NUMBER
International Standard Book Number 0801820138 :
Terms of availability $13.50.
International Standard Book Number 0801820146
Terms of availability $3.50
040 ## - CATALOGING SOURCE
Original cataloging agency DLC
Transcribing agency DLC
Modifying agency DLC
041 ## - LANGUAGE CODE
Language code of text/sound track or separate title eng
043 ## - GEOGRAPHIC AREA CODE
Geographic area code d------
080 ## - UNIVERSAL DECIMAL CLASSIFICATION NUMBER
Universal Decimal Classification number 362.82 rob
082 00 - DEWEY DECIMAL CLASSIFICATION NUMBER
Classification number 362.82 rob
100 1# - Rafti
Rafti 9
101 ## - Shkurtesa
Shkurtesa nut
245 10 - TITLE STATEMENT
Title Experiments in family planning :
Statement of responsibility, etc Roberto Cuca and Catherine S. Pierce ; foreword by Bernard Berelson.
504 ## - BIBLIOGRAPHY, ETC. NOTE
Bibliography, etc Bibliography: p. 247-257.
906 ## - LOCAL DATA ELEMENT F, LDF (RLIN)
a 7
b cbc
c orignew
d 1
e ocip
f 19
g y-gencatlg
942 ## - ADDED ENTRY ELEMENTS (KOHA)
Source of classification or shelving scheme
Item type Books
Holdings
Withdrawn status Lost status Source of classification or shelving scheme Damaged status Not for loan Collection code Permanent location Current location Shelving location Date acquired Total Checkouts Full call number Barcode Date last seen Price effective from Koha item type
          Koleksioni i përgjithshem UBT - Lipjan UBT - Lipjan Koleksioni i përgjithshem 02/12/2018   362.82 rob 002-2998746 02/12/2018 02/12/2018 Books
UBT Library © 2015-2024. All rights reserved University Education for Business and Technology